|
|
|
|
| LEADER |
00000cam a2200000 7i4500 |
| 001 |
0000278787 |
| 005 |
20240403130431.0 |
| 006 |
a# ###### ### |
| 007 |
t |
| 008 |
211025t20202019gw # ### |
| 020 |
|
|
|a 9783899863154
|
| 090 |
0 |
0 |
|a 725.110943
|b LIE
|
| 100 |
1 |
|
|a Liesner, Maximilian ,
|e author
|
| 245 |
1 |
0 |
|a PAULSKIRCHE :
|b EINE POLITICSCHE ARCHITEKTURGESCHICHTE. A POLITICAL STORY OF ARCHITECTURE
|c Maximilian Liesner, Philipp Sturm, Peter Cachola Schmal & Philip Kurz
|
| 264 |
|
1 |
|a Stuttgart :
|b Verlag und Vertrieb
|c 2015
|
| 264 |
|
4 |
|c ©2019
|
| 300 |
|
|
|a 159 pages ;
|c 28 cm.
|
| 336 |
|
|
|a text
|2 rdacontent
|
| 337 |
|
|
|a unmediated
|2 rdamedia
|
| 338 |
|
|
|a volume
|2 rdacarrier
|
| 650 |
|
0 |
|a Architechture
|
| 700 |
1 |
|
|a Kurz, Philip ,
|e author
|
| 700 |
1 |
|
|a Schmal, Peter Cachola ,
|e author
|
| 700 |
1 |
|
|a Strum, Philipp ,
|e author
|
| 999 |
|
|
|a 00384521
|b BUKU
|c RUJUKAN
|e PERPUSTAKAAN KOMUNITI PETALING JAYA
|